00932 2200313 4500001002100000005001500021035002000036007000300056008004100059020002200100082001500122084001700137100003000154245009300184250003100277300002800308650001000336700002300346504003300369264004200402336002100444337003000465338002300495040002200518090002200540850001200562999002200574990002200596INLIS00000000090196520260126103111 a0010-0126000898ta250514s2025 yoi f ind d a978-623-515-625-504223a297.14 a297.14 NUR t0 aNurana PrasariePengarang10aTinjauan ringkas hukum keluarga Islam di Indonesia /cNurana Prasari; penyunting, Astria aCetakan Pertama, Juli 2025 ax, 246 halaman ;c20 cm 4aFikih0 aAstriaePenyunting aBibliografi: halaman 231-23731aBantul :bAnak Hebat Indonesia,c2025 2rdacontentateks 2rdamediaatanpa perantara 2rdacarrieravolume aYOPDYOGbinderda aCB-D.11 2025-4560 aYOPDYOG aCB-D.11/2025-4560 aCB-D.11/2025-4560